00346nam a2200133Ia 4500008004100000020001500041041001200056082001600068100001700084245005100101260003700152300000800189650001500197221030s9999 xx 000 0 und d a8176294683 aEnglish a105.23bBha aS. K. Bhatia 0aContructive Industrial Relations & Labour Laws bDeep & Deep PubaNew Delhic2003 a321 aManagement